Differential diagnosis and treatment of children with speech disorder (Record no. 28150)
[ view plain ]
| 000 -LEADER | |
|---|---|
| fixed length control field | 01544nam a2200349 a 4500 |
| 082 04 - DEWEY DECIMAL CLASSIFICATION NUMBER | |
| Classification number | 618.92855075 |
| 245 00 - TITLE STATEMENT | |
| Title | Differential diagnosis and treatment of children with speech disorder |
| 250 ## - EDITION STATEMENT | |
| Edition statement | 2nd ed. |
| 260 ## - PUBLICATION, DISTRIBUTION, ETC. (IMPRINT) | |
| Place of publication | London ; |
| -- | Philadelphia, Pa. : |
| Name of publisher | Whurr Publishers, |
| Year of publication | 2010, c2005. |
| 300 ## - PHYSICAL DESCRIPTION | |
| Number of Pages | 1 online resource (xiv, 353 p.) : |
| Other physical details | ill. |
| 650 #0 - SUBJECT ADDED ENTRY--TOPICAL TERM | |
| Topical Term | Speech disorders in children |
| Topical Term | Speech disorders in children |
| Topical Term | Language disorders in children |
| Topical Term | Language disorders in children |
| 700 1# - ADDED ENTRY--PERSONAL NAME | |
| Personal name | Dodd, Barbara. |
| 856 40 - ELECTRONIC LOCATION AND ACCESS | |
| Uniform Resource Identifier | http://site.ebrary.com/lib/rucke/Doc?id=10719138 |
| 588 ## - | |
| -- | Description based on online resource; title from title page (ebrary, viewed June 20, 2013). |
| 922 ## - | |
| -- | Innodata Copy DDC |
No items available.
